|
|
|
|
| LEADER |
00000cam a22000004a 4500 |
| 001 |
musev2_16152 |
| 003 |
MdBmJHUP |
| 005 |
20230905041743.0 |
| 006 |
m o d |
| 007 |
cr||||||||nn|n |
| 008 |
120103s2012 pau o 00 0 eng d |
| 010 |
|
|
|z 2011051036
|
| 020 |
|
|
|a 9780271059860
|
| 035 |
|
|
|a (OCoLC)809055655
|
| 040 |
|
|
|a MdBmJHUP
|c MdBmJHUP
|
| 050 |
0 |
4 |
|a JC181.K4
|b K379 2012
|
| 082 |
0 |
|
|a 320.01
|2 23
|
| 245 |
0 |
0 |
|a Kant's Political Theory :
|b Interpretations and Applications /
|c edited by Elisabeth Ellis.
|
| 264 |
|
1 |
|a University Park, Pa. :
|b Pennsylvania State University Press,
|c 2012.
|
| 264 |
|
3 |
|a Baltimore, Md. :
|b Project MUSE,
|c 2012
|
| 264 |
|
4 |
|c ©2012.
|
| 300 |
|
|
|a 1 online resource (264 pages).
|
| 336 |
|
|
|a text
|b txt
|2 rdacontent
|
| 337 |
|
|
|a computer
|b c
|2 rdamedia
|
| 338 |
|
|
|a online resource
|b cr
|2 rdacarrier
|
| 504 |
|
|
|a Includes bibliographical references and index.
|
| 505 |
0 |
|
|a Kant and the social contract tradition / Onora O'Neill -- Kant and the circumstances of justice / Arthur Ripstein -- Is Kant's rechtslehre a "comprehensive liberalism"? / Thomas W. Pogge -- Realizing external freedom: the Kantian argument for a world state / Louis-Philippe Hodgson -- The progress of absolutism in Kant's essay "what is enlightenment?" / Robert S. Taylor -- Unsocial sociability: perpetual antagonism in Kant's political thought / Michaele Ferguson -- Kant's political thought in the Prussian enlightenment / Ian Hunter -- Kant on education / Mika LaVaque-Manty -- Kant, freedom of the press, and book piracy / John Christian Laursen.
|
| 520 |
|
|
|a "A collection of essays examining Immanuel Kant's lectures and minor writings as well as his political essays. Offers a comprehensive introduction to Kant's political thought from a position of engagement with modern political and philosophical questions"--Provided by publisher.
|
| 588 |
|
|
|a Description based on print version record.
|
| 600 |
1 |
0 |
|a Kant, Immanuel,
|d 1724-1804
|x Political and social views.
|
| 655 |
|
7 |
|a Electronic books.
|2 local
|
| 700 |
1 |
|
|a Ellis, Elisabeth.
|
| 710 |
2 |
|
|a Project Muse.
|e distributor
|
| 830 |
|
0 |
|a Book collections on Project MUSE.
|
| 856 |
4 |
0 |
|z Texto completo
|u https://projectmuse.uam.elogim.com/book/16152/
|
| 945 |
|
|
|a Project MUSE - Custom Collection
|
| 945 |
|
|
|a Project MUSE - 2012 Complete
|
| 945 |
|
|
|a Project MUSE - 2012 Philosophy and Religion
|